000 01232nam2a22002771 4500
001 rc\4837395
005 20250612193037.0
035 _a(NLR Aleph) 008808208
090 _a8144968
_c8144968
100 _a20130426d1966 |||y0rusy50 ca
101 0 _arus
102 _aRU
105 _ay z |||||
200 1 _aМеталлы и сплавы
210 _d1966
_aБ. м.
215 _a140 с.
316 _aЭкз. РНБ: № 7
_5NLR
320 _aБиблиогр. в конце глав
333 _aДля служебного пользования
461 0 _1001rc\4837394
_12001#$aТеплофизические свойства авиационных материалов$fПод ред. канд. техн. наук А.И. Ковалева$gВсесоюз. ордена Ленина науч.-исслед. ин-т авиац. материалов. ОНТИ. Ч. 1-$vЧ. 1
_98144963
_c[Москва]
_d1966
_fпод ред. канд. техн. наук А.И. Ковалева
_tТеплофизические свойства авиационных материалов
_vЧ. 1
801 0 _aRU
_bNLR
_gpsbo
801 1 _aRU
_bELAR
_2rusmarc
852 _aNLR
_j50к/4408
942 _cBOOK
980 _aNB